| 000 | 00570nam a22001817a 4500 | ||
|---|---|---|---|
| 005 | 20251108170124.0 | ||
| 008 | 250721s1999 xx 000 0 ara d | ||
| 082 | 1 | 4 | _aم/218.903/حمد |
| 100 | 1 | _aحمدان، عبد الحميد صالح | |
| 245 | 1 | 0 | _aإصطلاحات الصوفية عربي - فرنسي - انكليزي / |
| 264 | 1 |
_aالقاهرة : _bمكتبة مدبولي، _c1999. |
|
| 300 | _a34ص | ||
| 650 | 1 | 7 | _aالصوفية |
| 650 | 1 | 7 | _aعلم المعاجم |
| 650 | 1 | 7 | _aمعاجم المصطلحات |
| 942 |
_2ddc _cREF |
||
| 999 |
_c40259 _d40259 |
||